Rites of spring: (Record no. 10395)

MARC details
000 -LEADER
fixed length control field 00936 a2200229 4500
010 ## - LIBRARY OF CONGRESS CONTROL NUMBER
LC control number ENG-89281
020 ## - INTERNATIONAL STANDARD BOOK NUMBER
International Standard Book Number 8180280357
Terms of availability 650.00
035 ## - SYSTEM CONTROL NUMBER
System control number EN-72814
037 ## - SOURCE OF ACQUISITION
Source of stock number/acquisition DBAD / PUB
082 14 - DEWEY DECIMAL CLASSIFICATION NUMBER
Classification number 390.095452
090 ## - LOCALLY ASSIGNED LC-TYPE CALL NUMBER (OCLC); LOCAL CALL NUMBER (OCLC)
-- 10690
-- 10690
100 ## - MAIN ENTRY--PERSONAL NAME
Personal name Nicholas, Ralph W
245 1# - TITLE STATEMENT
Title Rites of spring:
Remainder of title Gajan in village Bengal/
Statement of responsibility, etc Rallph W. Nicholas
260 ## - PUBLICATION, DISTRIBUTION, ETC. (IMPRINT)
Place of publication, distribution, etc New Dehli
Name of publisher, distributor, etc Chronicle Books(DC publisher)
Date of publication, distribution, etc 2008
260 ## - PUBLICATION, DISTRIBUTION, ETC. (IMPRINT)
Place of publication, distribution, etc New Delhi
Name of publisher, distributor, etc Orient Longman
Date of publication, distribution, etc 2008
270 ## - ADDRESS
Address S-7&8, Green Park Main Market
City New Dehli
State or province Delhi
Postal code 110016
Electronic mail address Chronicle@dcpublishers.com
300 ## - PHYSICAL DESCRIPTION
Extent xii, 236 p
Other physical details b&w photos
Dimensions 22 cm ( Hb.)
500 ## - GENERAL NOTE
General note With an essay on- Battle and self- sacrifice in a Bengali warrior's epic: Lausen's quest to be a raja in Dharma Mangal by David Curley
700 1# - ADDED ENTRY--PERSONAL NAME
Personal name Curley, David
942 ## - ADDED ENTRY ELEMENTS (KOHA)
Institution code [OBSOLETE] dpl
Koha item type English Books
Call number prefix 390.095452 / NIC
Holdings
Withdrawn status Lost status Source of classification or shelving scheme Damaged status Not for loan Collection code Home library Current library Source of acquisition Cost, normal purchase price Total Checkouts Full call number Barcode Date last seen Copy number Uniform Resource Identifier Cost, replacement price Price effective from Koha item type
    Dewey Decimal Classification   Not For Loan Non-fiction D.B.Act.Division D.B.Act.Division DBAD/PUB 650.00   390.095452 EN-72814 15/09/2008 1 11451 650.00 15/09/2008 English Books

© Delhi Public Library
Hit Counter
free hit counter